Evolución de la matrícula en Chile: 1935-1981

Gorde:
Xehetasun bibliografikoak
Egile nagusia: Echeverría, Rafael (Egilea)
Formatua: Liburua
Hizkuntza:gaztelania
Argitaratua: Santiago P.I.I.E 1982
Gaiak:
Etiketak: Etiketa erantsi
Etiketarik gabe, Izan zaitez lehena erregistro honi etiketa jartzen!

MARC

LEADER 00000nam a2200000 a 4500
001 UCQ2149
003 CL-VaPUC
008 980721e19820000CL |||||||||||||||||spa|d
082 0 4 |a 371.21  |b ECH  |2 21 
100 0 |a Echeverría, Rafael  |e author  |9 354 
245 1 0 |a Evolución de la matrícula en Chile: 1935-1981 
300 |a 145 p 
942 |c BK 
945 |d 19980721 00:00:00  |a crobeson 
260 |a Santiago  |b P.I.I.E  |c 1982 
650 0 |a Investigación educacional   |9 261192 
650 0 |a Estadísticas educacionales  |9 331921 
650 7 |a MATRICULA  |2 CL-VaPUC  |9 329379 
650 7 |a POBLACION DE EDAD ESCOLAR  |2 CL-VaPUC  |9 416087 
650 7 |a TASAS DE MATRICULA  |2 CL-VaPUC  |9 356366 
583 |a last modification  |c 19980721 00:00:00  |k Rodrigo Vera 
999 |c 272990  |d 272988 
952 |0 0  |1 0  |4 0  |6 371_210000000000000_ECH_1982  |7 0  |8 A  |9 308228  |a BIBENE  |b BIBENE  |d 2019-11-20  |i 143957K  |o 371.21 ECH 1982  |p 143957K  |r 2025-01-15  |w 2019-11-20  |y BK  |k ICO